Statistics for Harry Potter Breakdown Puzzle #1

Click here to take the quiz!

General Stats

  • This quiz has been taken 1,590 times
  • The average score is 12 of 30

Answer Stats

HintAnswer% Correct
Pixar fishNEMO
84%
UncookedRAW
84%
ScarletRED
78%
Stayed out of sightHID
74%
Cleaning clothRAG
70%
HAGRID
60%
Cut a turkey, eg.CARVE
54%
Ringo's instrumentDRUMS
54%
Hugh or Cary, egGRANT
51%
Belly buttonNAVEL
48%
Ms. BrockovichERIN
45%
SiestasNAPS
45%
Raise upLIFT
43%
1990 Swayze movieGHOST
39%
Whey's oppositeCURD
38%
Witch's garmentROBE
37%
Aladdin's hatFEZ
36%
HERMIONE
36%
Grassy areaLAWN
36%
Cash advanceLOAN
36%
Estate beneficiaryHEIR
35%
____ de forceTOUR
33%
HOGWARTS
27%
LAVENDER
24%
DURMSTRANG
20%
RAVENCLAW
19%
FIRENZE
14%
CAULDRON
9%
PATRONUS
8%
FIREBOLT
2%

Score Distribution

Percentile by Number Answered

Percent of People with Each Score

Your Score History

You have not taken this quiz